<?xml version="1.0" encoding="UTF-8"?><?xml-stylesheet type="text/xsl" href="static/style.xsl"?><OAI-PMH xmlns="http://www.openarchives.org/OAI/2.0/" xmlns:xsi="http://www.w3.org/2001/XMLSchema-instance" xsi:schemaLocation="http://www.openarchives.org/OAI/2.0/ http://www.openarchives.org/OAI/2.0/OAI-PMH.xsd"><responseDate>2026-06-05T17:56:03Z</responseDate><request verb="GetRecord" identifier="oai:riuma.uma.es:10630/30595" metadataPrefix="marc">https://riuma.uma.es/rest/oai/request</request><GetRecord><record><header><identifier>oai:riuma.uma.es:10630/30595</identifier><datestamp>2026-02-03T10:23:21Z</datestamp><setSpec>com_10630_1685</setSpec><setSpec>col_10630_38055</setSpec></header><metadata><record xmlns="http://www.loc.gov/MARC21/slim" xmlns:dcterms="http://purl.org/dc/terms/" xmlns:doc="http://www.lyncode.com/xoai" xmlns:xsi="http://www.w3.org/2001/XMLSchema-instance" xsi:schemaLocation="http://www.loc.gov/MARC21/slim http://www.loc.gov/standards/marcxml/schema/MARC21slim.xsd">
   <leader>00925njm 22002777a 4500</leader>
   <datafield ind2=" " ind1=" " tag="042">
      <subfield code="a">dc</subfield>
   </datafield>
   <datafield ind2=" " ind1=" " tag="720">
      <subfield code="a">Meis Asensi, Adrián</subfield>
      <subfield code="e">author</subfield>
   </datafield>
   <datafield ind2=" " ind1=" " tag="260">
      <subfield code="c">2024</subfield>
   </datafield>
   <datafield ind2=" " ind1=" " tag="520">
      <subfield code="a">Con este trabajo de fin de grado se trata de comprobar la validez de un método,&#xd;
mediante el análisis de las señales electromagnéticas emitidas por los procesadores&#xd;
(CPU) de dispositivos IoT (Internet of Things), para descubrir amenazas&#xd;
malware que puedan estar afectando a dichos dispositivos, clasificarlas y a su vez&#xd;
realizarlo de una manera indetectable y no invasiva, tratando de no consumir los&#xd;
valiosos y limitados recursos de los que disponen. Se han capturado con un osciloscopio&#xd;
más de 30GB de trazas de diversos tipos, familias y variantes de malware&#xd;
comúnmente utilizados en la actualidad en ataques masivos contra dispositivos&#xd;
IoT y se ha entrenado y validado con ellas dos tipos de redes, de machine learning&#xd;
y neuronal, además de usar para cada una de estas varios métodos. En los&#xd;
resultados obtenidos se ha podido comprobar una exactitud superior al 90 % en&#xd;
la detección y clasificación de tipos de malware, confirmando así que este método&#xd;
de detección puede ser altamente efectivo como medida de protección contra&#xd;
ciberataques y que puede ser expandido para obtener resultados aún mejores en&#xd;
futuras investigaciones.</subfield>
   </datafield>
   <datafield ind1="8" ind2=" " tag="024">
      <subfield code="a">https://hdl.handle.net/10630/30595</subfield>
   </datafield>
   <datafield tag="653" ind2=" " ind1=" ">
      <subfield code="a">Seguridad informática</subfield>
   </datafield>
   <datafield tag="653" ind2=" " ind1=" ">
      <subfield code="a">Electromagnetismo</subfield>
   </datafield>
   <datafield tag="653" ind2=" " ind1=" ">
      <subfield code="a">Informática - Trabajos Fin de Grado</subfield>
   </datafield>
   <datafield tag="653" ind2=" " ind1=" ">
      <subfield code="a">Grado en Ingeniería Informática - Trabajos Fin de Grado</subfield>
   </datafield>
   <datafield ind2="0" ind1="0" tag="245">
      <subfield code="a">Señales electromagnéticas para la detección y clasificación de malware.</subfield>
   </datafield>
</record>
</metadata></record></GetRecord></OAI-PMH>